[Event "Montreal Mercredi 01"]
[Site "Montreal CAN"]
[Date "2011.01.12"]
[Round "1"]
[White "Sasseville, Jean"]
[Black "Dydak, Mateusz"]
[Result "1-0"]
[WhiteElo "1968"]
[BlackElo "1893"]
[PlyCount "63"]
[GameId "2160767909821161"]
[EventDate "2011.01.12"]
[EventType "tourn"]
[EventRounds "5"]
[EventCountry "CAN"]
[SourceTitle "EXT 2013"]
[Source "ChessBase"]
[SourceDate "2012.11.22"]
[SourceVersion "1"]
[SourceVersionDate "2012.11.22"]
[SourceQuality "1"]

1. Nf3 f5 2. d4 Nf6 3. g3 g6 4. Bg2 Bg7 5. O-O O-O 6. c4 d6 7. Nc3 c6 8. Re1 Na6 9. e4 fxe4 10. Nxe4 Nxe4 11. Rxe4 Bf5 12. Re1 Qd7 13. Nh4 Rae8 14. Nxf5 Qxf5 15. Be3 Qf7 16. Qd3 e6 17. Re2 Qf5 18. Qd2 Rf7 19. Rae1 d5 20. b3 Rd7 21. Bh6 dxc4 22. Bxg7 Kxg7 23. bxc4 e5 24. Qb2 Qd3 25. d5 Qxc4 26. Rxe5 Rxe5 27. Qxe5+ Kh6 28. Re4 Rxd5 29. Qf4+ g5 30. Qf6+ Kh5 31. Bf3+ g4 32. Bxg4# 1-0

[Event "Montreal Mercredi 01"]
[Site "Montreal CAN"]
[Date "2011.01.12"]
[Round "1"]
[White "Tremblay, Alain"]
[Black "Dumouchel, Alain"]
[Result "1-0"]
[WhiteElo "2020"]
[BlackElo "2010"]
[PlyCount "59"]
[GameId "2160767909821162"]
[EventDate "2011.01.12"]
[EventType "tourn"]
[EventRounds "5"]
[EventCountry "CAN"]
[SourceTitle "EXT 2013"]
[Source "ChessBase"]
[SourceDate "2012.11.22"]
[SourceVersion "1"]
[SourceVersionDate "2012.11.22"]
[SourceQuality "1"]

1. d4 d5 2. Nf3 Nf6 3. c4 c6 4. Nc3 Bf5 5. cxd5 cxd5 6. Qb3 Qb6 7. Bf4 e6 8. e3 Nc6 9. Bb5 Nd7 10. O-O Bb4 11. Rac1 O-O 12. a3 Bxc3 13. Rxc3 a6 14. Bxc6 bxc6 15. Qxb6 Nxb6 16. b3 Rac8 17. Rfc1 f6 18. Kf1 e5 19. dxe5 Bd7 20. exf6 gxf6 21. Nd4 a5 22. Nxc6 Kf7 23. a4 Nc4 24. Nd4 Nd2+ 25. Ke2 Ne4 26. Rc7 Ke8 27. f3 Ng5 28. Bxg5 Rxc7 29. Rxc7 fxg5 30. Kd2 1-0

[Event "Montreal Mercredi 01"]
[Site "Montreal CAN"]
[Date "2011.01.19"]
[Round "2"]
[White "Dardoura, Khaled"]
[Black "Gauthier, Luc"]
[Result "1-0"]
[WhiteElo "1633"]
[BlackElo "1740"]
[PlyCount "97"]
[GameId "2160767909821164"]
[EventDate "2011.01.12"]
[EventType "tourn"]
[EventRounds "5"]
[EventCountry "CAN"]
[SourceTitle "EXT 2013"]
[Source "ChessBase"]
[SourceDate "2012.11.22"]
[SourceVersion "1"]
[SourceVersionDate "2012.11.22"]
[SourceQuality "1"]

1. d4 f5 2. c4 Nf6 3. Nc3 e6 4. Nf3 Be7 5. g3 O-O 6. Bg2 d6 7. O-O Qe8 8. Bg5 h6 9. Bxf6 Bxf6 10. e4 Nc6 11. exf5 exf5 12. Re1 Qh5 13. Nd5 Bd8 14. Nf4 Qf7 15. Ne5 dxe5 16. Bd5 exf4 17. Bxf7+ Kxf7 18. d5 Ne7 19. d6 cxd6 20. Qxd6 fxg3 21. hxg3 Nc6 22. Rad1 Bf6 23. b3 Kg8 24. Qc5 f4 25. Qd5+ Kh8 26. Qd6 Rd8 27. Qxf4 Rxd1 28. Rxd1 Be6 29. Qc7 Rb8 30. Re1 Bf5 31. Qf7 Ne5 32. Rxe5 Bxe5 33. Qxf5 Bf6 34. Qd7 Kg8 35. Qc7 Rd8 36. Qxb7 Rd1+ 37. Kg2 Bd4 38. Qc8+ Kh7 39. Qf5+ Kg8 40. Qf3 Rd2 41. b4 g5 42. g4 Kh7 43. c5 Kg7 44. a4 Rb2 45. Qb7+ Kf6 46. Qc6+ Ke5 47. Qe8+ Kf4 48. Qf7+ Ke5 49. Qf5# 1-0

[Event "Montreal Mercredi 01"]
[Site "Montreal CAN"]
[Date "2011.01.19"]
[Round "2"]
[White "Deshetres, Michel"]
[Black "Pregent, Daniel"]
[Result "0-1"]
[WhiteElo "1763"]
[BlackElo "1795"]
[PlyCount "74"]
[GameId "2160767909821165"]
[EventDate "2011.01.12"]
[EventType "tourn"]
[EventRounds "5"]
[EventCountry "CAN"]
[SourceTitle "EXT 2013"]
[Source "ChessBase"]
[SourceDate "2012.11.22"]
[SourceVersion "1"]
[SourceVersionDate "2012.11.22"]
[SourceQuality "1"]

1. Nf3 Nf6 2. g3 b6 3. Bg2 Bb7 4. O-O e6 5. c4 c5 6. b3 Be7 7. Bb2 O-O 8. d3 d6 9. Nbd2 Nbd7 10. a3 Qc7 11. b4 Rad8 12. b5 Rfe8 13. a4 d5 14. a5 d4 15. axb6 axb6 16. Qb3 Ra8 17. Rxa8 Rxa8 18. Ra1 Rxa1+ 19. Bxa1 e5 20. Ng5 Bxg2 21. Kxg2 Ng4 22. Ngf3 f5 23. Qa4 Qb7 24. Qa6 Qb8 25. h3 Ngf6 26. Bb2 Bd6 27. Bc1 g6 28. Nf1 Kg7 29. Ng5 h6 30. Nf3 e4 31. N3h2 Ne5 32. f4 Ned7 33. Bd2 Ne8 34. Qa1 Kf7 35. e3 Qb7 36. Kf2 Nef6 37. exd4 cxd4 0-1

[Event "Montreal Mercredi 01"]
[Site "Montreal CAN"]
[Date "2011.01.19"]
[Round "2"]
[White "Dydak, Mateusz"]
[Black "Khudaverdian, Berj"]
[Result "1-0"]
[WhiteElo "1893"]
[BlackElo "1902"]
[PlyCount "77"]
[GameId "2160767909821166"]
[EventDate "2011.01.12"]
[EventType "tourn"]
[EventRounds "5"]
[EventCountry "CAN"]
[SourceTitle "EXT 2013"]
[Source "ChessBase"]
[SourceDate "2012.11.22"]
[SourceVersion "1"]
[SourceVersionDate "2012.11.22"]
[SourceQuality "1"]

1. e4 c5 2. Nc3 d6 3. Bb5+ Nd7 4. a4 a6 5. Bc4 Ne5 6. Be2 Nf6 7. Nf3 Nc6 8. d4 cxd4 9. Nxd4 e5 10. Nb3 Be6 11. Be3 Be7 12. Nd5 Bxd5 13. exd5 Nb8 14. a5 Nbd7 15. O-O O-O 16. f4 e4 17. Ra4 b5 18. Ra3 Re8 19. g4 Nc5 20. g5 Nfd7 21. Nd4 Bf8 22. Nc6 Qc7 23. b4 Na4 24. Bd4 Nb8 25. Nxb8 Raxb8 26. Rh3 Rbc8 27. c3 Qe7 28. Qe1 f5 29. gxf6 gxf6 30. Bg4 Rc7 31. Be6+ Kh8 32. Qh4 Qg7+ 33. Rg3 Rxe6 34. dxe6 Nxc3 35. Rxg7 Ne2+ 36. Kf2 Bxg7 37. Kxe2 Rc2+ 38. Kd1 Rc4 39. Bxf6 1-0

[Event "Montreal Mercredi 01"]
[Site "Montreal CAN"]
[Date "2011.01.19"]
[Round "2"]
[White "Gates, Claude-Eric"]
[Black "Messier, Samuel"]
[Result "1/2-1/2"]
[WhiteElo "1742"]
[BlackElo "1742"]
[PlyCount "92"]
[GameId "2160767909821167"]
[EventDate "2011.01.12"]
[EventType "tourn"]
[EventRounds "5"]
[EventCountry "CAN"]
[SourceTitle "EXT 2013"]
[Source "ChessBase"]
[SourceDate "2012.11.22"]
[SourceVersion "1"]
[SourceVersionDate "2012.11.22"]
[SourceQuality "1"]

1. c4 Nf6 2. g3 e6 3. Bg2 d5 4. Nf3 Bd7 5. cxd5 exd5 6. Qb3 Nc6 7. O-O Qc8 8. Nc3 Na5 9. Qc2 Be7 10. d3 h6 11. Bf4 O-O 12. Rac1 c5 13. e4 dxe4 14. dxe4 Bh3 15. Rfe1 Bxg2 16. Kxg2 Nc6 17. Nd5 Nxd5 18. exd5 Nb4 19. Qc4 Bf6 20. a3 Na6 21. b3 Re8 22. Rxe8+ Qxe8 23. Rd1 Rd8 24. Be3 Qe7 25. Nd2 Bb2 26. a4 Be5 27. Ne4 Bd6 28. Nc3 Nc7 29. Nb5 Nxb5 30. Qxb5 a6 31. Qc4 Rb8 32. Qg4 Kf8 33. Rc1 b5 34. Kg1 Rd8 35. axb5 axb5 36. Qe2 Rb8 37. Qc2 Rc8 38. Qh7 Qb7 39. Qh8+ Ke7 40. Qxg7 Qxd5 41. Bxh6 Qxb3 42. Qg4 Qe6 43. Qh4+ Kd7 44. Be3 c4 45. Qd4 Qe5 46. Qg4+ Qe6 1/2-1/2

[Event "Montreal Mercredi 01"]
[Site "Montreal CAN"]
[Date "2011.01.19"]
[Round "2"]
[White "Luo, Zhao Yang"]
[Black "Sasseville, Jean"]
[Result "0-1"]
[WhiteElo "1994"]
[BlackElo "1968"]
[PlyCount "58"]
[GameId "2160767909821168"]
[EventDate "2011.01.12"]
[EventType "tourn"]
[EventRounds "5"]
[EventCountry "CAN"]
[SourceTitle "EXT 2013"]
[Source "ChessBase"]
[SourceDate "2012.11.22"]
[SourceVersion "1"]
[SourceVersionDate "2012.11.22"]
[SourceQuality "1"]

1. d4 f5 2. c4 Nf6 3. Nc3 g6 4. Nf3 Bg7 5. Bf4 d6 6. h3 O-O 7. e3 Qe8 8. Qb3 c6 9. Rd1 Nbd7 10. Bh2 Ne4 11. Bd3 Nxc3 12. bxc3 e5 13. Be2 f4 14. exf4 exf4 15. O-O h6 16. Bd3 Qf7 17. Nh4 g5 18. Ng6 Re8 19. Rfe1 Nf6 20. Rxe8+ Nxe8 21. d5 c5 22. Re1 Bf6 23. h4 Ng7 24. Qc2 Bd7 25. Rb1 b6 26. f3 Re8 27. Be4 Bd8 28. g4 fxg3 29. Bxg3 Nf5 0-1

[Event "Montreal Mercredi 01"]
[Site "Montreal CAN"]
[Date "2011.01.19"]
[Round "2"]
[White "Pilotte, Benoit"]
[Black "Yun, Chang"]
[Result "1-0"]
[WhiteElo "1759"]
[BlackElo "1779"]
[PlyCount "87"]
[GameId "2160767909821169"]
[EventDate "2011.01.12"]
[EventType "tourn"]
[EventRounds "5"]
[EventCountry "CAN"]
[SourceTitle "EXT 2013"]
[Source "ChessBase"]
[SourceDate "2012.11.22"]
[SourceVersion "1"]
[SourceVersionDate "2012.11.22"]
[SourceQuality "1"]

1. e4 c5 2. Nc3 Nc6 3. Bb5 Nd4 4. Bc4 g6 5. Nf3 Bg7 6. O-O e6 7. d3 Ne7 8. Re1 d6 9. Bf4 O-O 10. Nxd4 cxd4 11. Nb5 Be5 12. Bh6 Re8 13. f4 Bg7 14. Bxg7 Kxg7 15. Qf3 Qb6 16. a4 a6 17. a5 Qc5 18. b4 Qc6 19. Nxd4 Qc7 20. Kh1 Nc6 21. Nxc6 bxc6 22. d4 Bb7 23. f5 exf5 24. exf5 c5 25. f6+ Kh8 26. Qf4 cxd4 27. Qh6 Rg8 28. Ra3 Qc6 29. Bf1 Bc8 30. Re7 Qd5 31. Be2 Bf5 32. Kg1 d3 33. Bxd3 Qd4+ 34. Qe3 Qxf6 35. Bxf5 gxf5 36. Qc3 Qxc3 37. Rxc3 Rac8 38. Rcc7 Rxc7 39. Rxc7 Rb8 40. c3 Re8 41. Kf2 Re6 42. Rc6 d5 43. Rxe6 fxe6 44. b5 1-0

[Event "Montreal Mercredi 01"]
[Site "Montreal CAN"]
[Date "2011.01.19"]
[Round "2"]
[White "Plante, Michel"]
[Black "Tremblay, Alain"]
[Result "1-0"]
[WhiteElo "2107"]
[BlackElo "2020"]
[PlyCount "73"]
[GameId "2160767909821170"]
[EventDate "2011.01.12"]
[EventType "tourn"]
[EventRounds "5"]
[EventCountry "CAN"]
[SourceTitle "EXT 2013"]
[Source "ChessBase"]
[SourceDate "2012.11.22"]
[SourceVersion "1"]
[SourceVersionDate "2012.11.22"]
[SourceQuality "1"]

1. d4 Nf6 2. Nc3 d5 3. Bg5 Nbd7 4. e3 g6 5. f4 Bg7 6. Qf3 c6 7. Bd3 b5 8. a3 Qb6 9. Nge2 O-O 10. O-O a6 11. Kh1 e6 12. b4 a5 13. g4 Qc7 14. h4 axb4 15. axb4 Rxa1 16. Rxa1 h6 17. Bxf6 Nxf6 18. g5 Nh5 19. gxh6 Bxh6 20. Rg1 Kh8 21. Bxg6 fxg6 22. Rxg6 Nf6 23. Rxh6+ Kg7 24. Rh5 Nxh5 25. Qxh5 Qf7 26. Qe5+ Kh7 27. Ng3 Rg8 28. Nce2 Rg4 29. h5 Qg7 30. Kg2 Bd7 31. Kh3 Qxe5 32. dxe5 Rg8 33. Kh4 Kh6 34. Nd4 Re8 35. c3 Re7 36. f5 exf5 37. Ndxf5+ 1-0

[Event "Montreal Mercredi 01"]
[Site "Montreal CAN"]
[Date "2011.01.19"]
[Round "2"]
[White "Soskic, Radmilo"]
[Black "Baran, Marius"]
[Result "1-0"]
[WhiteElo "1616"]
[BlackElo "1657"]
[PlyCount "55"]
[GameId "2160767909821171"]
[EventDate "2011.01.12"]
[EventType "tourn"]
[EventRounds "5"]
[EventCountry "CAN"]
[SourceTitle "EXT 2013"]
[Source "ChessBase"]
[SourceDate "2012.11.22"]
[SourceVersion "1"]
[SourceVersionDate "2012.11.22"]
[SourceQuality "1"]

1. d4 d5 2. c4 e6 3. Nc3 Nf6 4. e3 b6 5. Nf3 Bb7 6. Bd3 Nbd7 7. O-O Bd6 8. cxd5 Nxd5 9. Nb5 O-O 10. Nxd6 cxd6 11. e4 Nb4 12. Bb1 e5 13. a3 Nc6 14. d5 Ne7 15. b4 a5 16. Bb2 axb4 17. axb4 Rxa1 18. Bxa1 Qa8 19. Bc2 f5 20. Ng5 fxe4 21. Nxe4 Bxd5 22. Nxd6 Qc6 23. Ne4 Rc8 24. Bb3 Bxb3 25. Qxb3+ Qc4 26. Qd1 Nd5 27. Nd6 Qc6 28. Nxc8 1-0

[Event "Montreal Mercredi 01"]
[Site "Montreal CAN"]
[Date "2011.01.26"]
[Round "3"]
[White "Baran, Marius"]
[Black "Dardoura, Khaled"]
[Result "1-0"]
[WhiteElo "1657"]
[BlackElo "1633"]
[PlyCount "63"]
[GameId "2160767909821172"]
[EventDate "2011.01.12"]
[EventType "tourn"]
[EventRounds "5"]
[EventCountry "CAN"]
[SourceTitle "EXT 2013"]
[Source "ChessBase"]
[SourceDate "2012.11.22"]
[SourceVersion "1"]
[SourceVersionDate "2012.11.22"]
[SourceQuality "1"]

1. d4 Nf6 2. c4 e6 3. Nf3 b6 4. g3 Bb7 5. Bg2 Be7 6. O-O O-O 7. Nc3 Ne4 8. Qc2 Nxc3 9. Qxc3 f5 10. Be3 Bf6 11. Rfd1 Qe8 12. Qd2 d6 13. Rac1 Nd7 14. c5 dxc5 15. dxc5 Nxc5 16. Bxc5 bxc5 17. Rxc5 Rd8 18. Qc1 Rxd1+ 19. Qxd1 Qe7 20. Qc1 Rc8 21. b4 Bxf3 22. Bxf3 Bd4 23. Rc4 Bb6 24. a4 a5 25. bxa5 Bxa5 26. Rc5 Bb6 27. Rb5 Rb8 28. Qc4 Kf7 29. Rxf5+ Kg8 30. Re5 Qa3 31. Qxe6+ Kf8 32. Rf5# 1-0

[Event "Montreal Mercredi 01"]
[Site "Montreal CAN"]
[Date "2011.01.26"]
[Round "3"]
[White "Brassard, Sylvain"]
[Black "Pilotte, Benoit"]
[Result "1-0"]
[WhiteElo "1798"]
[BlackElo "1759"]
[PlyCount "99"]
[GameId "2160767909821173"]
[EventDate "2011.01.12"]
[EventType "tourn"]
[EventRounds "5"]
[EventCountry "CAN"]
[SourceTitle "EXT 2013"]
[Source "ChessBase"]
[SourceDate "2012.11.22"]
[SourceVersion "1"]
[SourceVersionDate "2012.11.22"]
[SourceQuality "1"]

1. d4 d6 2. g3 g6 3. Bg2 Bg7 4. e4 c5 5. Ne2 Nc6 6. Be3 Qb6 7. Nbc3 cxd4 8. Nd5 Qa5+ 9. b4 Qd8 10. Nxd4 e6 11. Nxc6 bxc6 12. Nf4 Bc3+ 13. Bd2 Bxa1 14. Qxa1 e5 15. O-O h5 16. h4 Rb8 17. c4 Rh7 18. Nd3 Ba6 19. Qc3 f6 20. a4 Bb7 21. c5 Ba6 22. cxd6 Bxd3 23. Qxd3 Rd7 24. Qc4 Kf8 25. Be3 Kg7 26. Bc5 Nh6 27. Bh3 f5 28. Qe6 Qe8 29. exf5 Nxf5 30. Bxf5 gxf5 31. Qxf5 Rf7 32. Qg5+ Kh8 33. Qxh5+ Rh7 34. Qxe8+ Rxe8 35. a5 Rg8 36. Kh2 a6 37. Re1 Re8 38. f4 e4 39. Bd4+ Kg8 40. Be5 Rd7 41. Rc1 e3 42. Kg2 Kf7 43. Kf1 Ke6 44. Rxc6 Kd5 45. Rc7 Rxc7 46. dxc7 Ke4 47. Ke2 Rg8 48. Bg7 Rc8 49. Be5 Rg8 50. h5 1-0

[Event "Montreal Mercredi 01"]
[Site "Montreal CAN"]
[Date "2011.01.26"]
[Round "3"]
[White "Gauthier, Denis"]
[Black "Plante, Michel"]
[Result "0-1"]
[WhiteElo "2003"]
[BlackElo "2107"]
[PlyCount "84"]
[GameId "2160767909821174"]
[EventDate "2011.01.12"]
[EventType "tourn"]
[EventRounds "5"]
[EventCountry "CAN"]
[SourceTitle "EXT 2013"]
[Source "ChessBase"]
[SourceDate "2012.11.22"]
[SourceVersion "1"]
[SourceVersionDate "2012.11.22"]
[SourceQuality "1"]

1. d4 d6 2. c4 e5 3. Nf3 e4 4. Ng5 f5 5. h4 Nf6 6. Bf4 c6 7. e3 Be7 8. Be2 O-O 9. Nc3 Na6 10. Qb3 Nc7 11. O-O-O Rb8 12. f3 h6 13. Nh3 Be6 14. Qc2 d5 15. c5 Nd7 16. Rdg1 b6 17. cxb6 axb6 18. g4 fxg4 19. fxg4 Bxh4 20. Bxc7 Qxc7 21. Nf4 Rxf4 22. exf4 Qxf4+ 23. Kb1 Bg5 24. Qa4 Qd6 25. Qa7 Bf7 26. Rf1 Bg6 27. Ka1 Be3 28. Rd1 Bg5 29. Rhf1 Nf8 30. Na4 Qd8 31. Nc3 Ne6 32. Qa4 Be8 33. Qb3 Bf6 34. Nxe4 Bxd4 35. Ng3 Bf6 36. Nf5 Nc5 37. Qg3 Na4 38. Rd2 Ra8 39. Rc1 Nc5 40. Kb1 Ne4 41. Qd3 Nxd2+ 42. Qxd2 Bg5 0-1

[Event "Montreal Mercredi 01"]
[Site "Montreal CAN"]
[Date "2011.01.26"]
[Round "3"]
[White "Gauthier, Luc"]
[Black "Gates, Claude-Eric"]
[Result "1/2-1/2"]
[WhiteElo "1740"]
[BlackElo "1742"]
[PlyCount "81"]
[GameId "2160767909821175"]
[EventDate "2011.01.12"]
[EventType "tourn"]
[EventRounds "5"]
[EventCountry "CAN"]
[SourceTitle "EXT 2013"]
[Source "ChessBase"]
[SourceDate "2012.11.22"]
[SourceVersion "1"]
[SourceVersionDate "2012.11.22"]
[SourceQuality "1"]

1. e4 c5 2. Nc3 Nc6 3. f4 g6 4. Nf3 Bg7 5. Bb5 Nd4 6. O-O a6 7. Bc4 e6 8. d3 Ne7 9. e5 b5 10. Bb3 Bb7 11. Nxd4 cxd4 12. Ne4 Bxe4 13. dxe4 Qb6 14. Qf3 Rc8 15. Kh1 h5 16. Bd2 a5 17. c3 a4 18. Bd1 d5 19. exd6 Qxd6 20. Qd3 Qb6 21. Be2 dxc3 22. Qxb5+ Qxb5 23. Bxb5+ Nc6 24. Bxc3 Bxc3 25. bxc3 a3 26. Rfd1 O-O 27. c4 Na7 28. Rd7 Nxb5 29. cxb5 Rb8 30. Rb1 Rfc8 31. Ra7 Rxb5 32. Rd1 Rb2 33. Rxa3 Rcc2 34. Rg1 Rxa2 35. Rxa2 Rxa2 36. h4 e5 37. fxe5 Re2 38. Ra1 Rxe4 39. g3 Rxe5 40. Ra8+ Kg7 41. Ra7 1/2-1/2

[Event "Montreal Mercredi 01"]
[Site "Montreal CAN"]
[Date "2011.01.26"]
[Round "3"]
[White "Khudaverdian, Berj"]
[Black "Luo, Zhao Yang"]
[Result "0-1"]
[WhiteElo "1902"]
[BlackElo "1994"]
[PlyCount "106"]
[GameId "2160767909821176"]
[EventDate "2011.01.12"]
[EventType "tourn"]
[EventRounds "5"]
[EventCountry "CAN"]
[SourceTitle "EXT 2013"]
[Source "ChessBase"]
[SourceDate "2012.11.22"]
[SourceVersion "1"]
[SourceVersionDate "2012.11.22"]
[SourceQuality "1"]

1. Nf3 Nf6 2. c4 g6 3. Nc3 Bg7 4. g3 d6 5. d4 O-O 6. Bg2 c5 7. d5 a6 8. O-O e6 9. e4 exd5 10. exd5 Nbd7 11. Bf4 Nb6 12. Qb3 Bf5 13. Rfe1 h6 14. h4 Nh5 15. Ne2 a5 16. a4 Re8 17. Be3 Nd7 18. Nf4 Nhf6 19. Rad1 Ra6 20. Qb5 Nb6 21. Bh3 Bc2 22. Ra1 Re4 23. Nd2 Re7 24. Nb3 Na8 25. Nxc5 dxc5 26. Bxc5 Rxe1+ 27. Rxe1 Ne4 28. Ba3 Bd4 29. Kg2 Nc7 30. Qxb7 Rb6 31. Qa7 Nxf2 32. Re7 Be4+ 33. Kh2 Ng4+ 34. Bxg4 Rxb2+ 35. Bxb2 Bxa7 36. Rd7 Qc8 37. Be5 Bb8 38. Bh3 Bf5 39. Bxf5 gxf5 40. Nh5 Ne8 41. Re7 Bxe5 42. Rxe5 Nd6 43. Nf4 Qxc4 44. Re7 Qxa4 45. h5 Qc2+ 46. Kh3 a4 47. Rd7 Qc5 48. g4 fxg4+ 49. Kxg4 a3 50. Rd8+ Kg7 51. Rd7 Kf6 52. Nd3 Qc8 53. Kf4 Qxd7 0-1

[Event "Montreal Mercredi 01"]
[Site "Montreal CAN"]
[Date "2011.01.26"]
[Round "3"]
[White "Lalonde, Paul"]
[Black "Dydak, Mateusz"]
[Result "0-1"]
[WhiteElo "1899"]
[BlackElo "1893"]
[PlyCount "48"]
[GameId "2160767909821177"]
[EventDate "2011.01.12"]
[EventType "tourn"]
[EventRounds "5"]
[EventCountry "CAN"]
[SourceTitle "EXT 2013"]
[Source "ChessBase"]
[SourceDate "2012.11.22"]
[SourceVersion "1"]
[SourceVersionDate "2012.11.22"]
[SourceQuality "1"]

1. d4 f5 2. c4 Nf6 3. g3 g6 4. Bg2 Bg7 5. Nf3 O-O 6. O-O d6 7. Nc3 c6 8. Re1 Na6 9. e4 fxe4 10. Nxe4 Nxe4 11. Rxe4 e5 12. dxe5 dxe5 13. Bg5 Qxd1+ 14. Rxd1 Bf5 15. Re3 Rae8 16. Ra3 h6 17. Bc1 Rd8 18. Re1 e4 19. Nh4 Rd4 20. Nxf5 gxf5 21. b3 Rfd8 22. Be3 Rd1 23. Kf1 Bc3 24. Rxd1 Rxd1+ 0-1

[Event "Montreal Mercredi 01"]
[Site "Montreal CAN"]
[Date "2011.01.26"]
[Round "3"]
[White "Messier, Samuel"]
[Black "Soskic, Radmilo"]
[Result "1-0"]
[WhiteElo "1742"]
[BlackElo "1616"]
[PlyCount "93"]
[GameId "2160767909821178"]
[EventDate "2011.01.12"]
[EventType "tourn"]
[EventRounds "5"]
[EventCountry "CAN"]
[SourceTitle "EXT 2013"]
[Source "ChessBase"]
[SourceDate "2012.11.22"]
[SourceVersion "1"]
[SourceVersionDate "2012.11.22"]
[SourceQuality "1"]

1. e4 c5 2. Nf3 d6 3. d4 cxd4 4. Nxd4 Nf6 5. Nc3 a6 6. Bg5 e6 7. f4 Be7 8. Qd2 h6 9. Bxf6 Bxf6 10. O-O-O b5 11. Kb1 Bb7 12. Qe3 Qc7 13. f5 Qc5 14. fxe6 fxe6 15. Nd5 exd5 16. exd5+ Be5 17. Bd3 Bxd5 18. Rhf1 Nd7 19. Bg6+ Kd8 20. Bf7 Bxf7 21. Rxf7 Re8 22. Ne6+ Rxe6 23. Rxd7+ Ke8 24. Qe4 Kxd7 25. Qb7+ Qc7 26. Qxa8 Qb6 27. h3 Re8 28. Qd5 Qc6 29. Qf7+ Re7 30. Qf5+ Kc7 31. g4 Qc4 32. Qf3 Rf7 33. Qg2 Qf4 34. Qd5 Qf3 35. Qd2 Qf2 36. Qd5 Rf4 37. Qe6 Rf7 38. a4 Qf6 39. Qb3 Qf3 40. Rd3 Qf1+ 41. Ka2 Rf4 42. axb5 Qe1 43. c3 Rf1 44. Qc4+ Kb8 45. bxa6 Qa1+ 46. Kb3 Qa5 47. Rd5 1-0

[Event "Montreal Mercredi 01"]
[Site "Montreal CAN"]
[Date "2011.01.26"]
[Round "3"]
[White "Pregent, Daniel"]
[Black "Nardone, Raul"]
[Result "1-0"]
[WhiteElo "1795"]
[BlackElo "1803"]
[PlyCount "83"]
[GameId "2160767909821179"]
[EventDate "2011.01.12"]
[EventType "tourn"]
[EventRounds "5"]
[EventCountry "CAN"]
[SourceTitle "EXT 2013"]
[Source "ChessBase"]
[SourceDate "2012.11.22"]
[SourceVersion "1"]
[SourceVersionDate "2012.11.22"]
[SourceQuality "1"]

1. d4 f5 2. c4 e6 3. Nc3 d5 4. cxd5 exd5 5. Nf3 Nf6 6. Bf4 c6 7. e3 Be7 8. Bd3 O-O 9. O-O Ne4 10. Rc1 Nd7 11. Qb3 Ndf6 12. Rc2 Kh8 13. Ne5 Nh5 14. Be2 Nxf4 15. exf4 Qe8 16. Rfc1 Bh4 17. Nd1 Be7 18. Qh3 Nf6 19. Rc3 Ng4 20. Nf3 Rf6 21. Ne3 Rh6 22. Qg3 Rg6 23. Nxg4 Rxg4 24. Qh3 Rxf4 25. Ne5 Rh4 26. Qd3 Bf6 27. g3 Rh6 28. f4 g5 29. Qd2 g4 30. b4 Bxe5 31. fxe5 Rg6 32. Bd3 h5 33. Rf1 Qf8 34. Qf4 Qxb4 35. Rb3 Qf8 36. Bxf5 Bxf5 37. Rxb7 Qh6 38. Qxh6+ Rxh6 39. Rxf5 a5 40. a4 Rc8 41. Kf2 c5 42. dxc5 1-0

[Event "Montreal Mercredi 01"]
[Site "Montreal CAN"]
[Date "2011.01.26"]
[Round "3"]
[White "Sasseville, Jean"]
[Black "Rondon, Luciano"]
[Result "0-1"]
[WhiteElo "1968"]
[BlackElo "1813"]
[PlyCount "79"]
[GameId "2160767909821180"]
[EventDate "2011.01.12"]
[EventType "tourn"]
[EventRounds "5"]
[EventCountry "CAN"]
[SourceTitle "EXT 2013"]
[Source "ChessBase"]
[SourceDate "2012.11.22"]
[SourceVersion "1"]
[SourceVersionDate "2012.11.22"]
[SourceQuality "1"]

1. Nf3 Nf6 2. c4 c5 3. Nc3 g6 4. d4 cxd4 5. Nxd4 Bg7 6. e4 d6 7. Be2 Nc6 8. Be3 O-O 9. Qd2 Ng4 10. Bxg4 Bxg4 11. O-O a6 12. Rfc1 Rb8 13. f3 Bd7 14. Nd5 e6 15. Nb4 Qe7 16. Nbxc6 bxc6 17. c5 d5 18. exd5 exd5 19. Bf4 Qf6 20. Rd1 Rb7 21. b3 Re8 22. Rac1 a5 23. Be3 Bf5 24. Bf2 Rbe7 25. Re1 Bh6 26. Rxe7 Bxd2 27. Rxe8+ Kg7 28. Rd1 Bc3 29. Ra8 Qe5 30. Kf1 Qxh2 31. Nxf5+ gxf5 32. Bd4+ Bxd4 33. Rxd4 Qh1+ 34. Kf2 Qa1 35. Ra4 d4 36. Rd8 Qb2+ 37. Kg3 f4+ 38. Kh3 Qf2 39. Kh2 Qh4+ 40. Kg1 0-1

[Event "Montreal Mercredi 01"]
[Site "Montreal CAN"]
[Date "2011.01.26"]
[Round "3"]
[White "Yun, Chang"]
[Black "Deshetres, Michel"]
[Result "1-0"]
[WhiteElo "1779"]
[BlackElo "1763"]
[PlyCount "61"]
[GameId "2160767909821182"]
[EventDate "2011.01.12"]
[EventType "tourn"]
[EventRounds "5"]
[EventCountry "CAN"]
[SourceTitle "EXT 2013"]
[Source "ChessBase"]
[SourceDate "2012.11.22"]
[SourceVersion "1"]
[SourceVersionDate "2012.11.22"]
[SourceQuality "1"]

1. e4 e5 2. Nf3 Nf6 3. Nxe5 d6 4. Nf3 Nxe4 5. d4 d5 6. Bd3 Be7 7. O-O Nc6 8. c4 Nb4 9. cxd5 Nxd3 10. Qxd3 Qxd5 11. Re1 Bf5 12. Nc3 Nxc3 13. Qxc3 c6 14. Re5 Qd7 15. Qe3 Be6 16. d5 cxd5 17. Nd4 O-O 18. Bd2 Bc5 19. Bc3 Bxd4 20. Bxd4 b6 21. Re1 Rfe8 22. f4 Kf8 23. f5 Bxf5 24. Rxe8+ Rxe8 25. Qxe8+ Qxe8 26. Bxg7+ Kxg7 27. Rxe8 d4 28. Kf2 d3 29. Ke3 Kf6 30. Ra8 a5 31. Ra6 1-0

[Event "Montreal Mercredi 01"]
[Site "Montreal CAN"]
[Date "2011.02.02"]
[Round "4"]
[White "Brassard, Sylvain"]
[Black "Pregent, Daniel"]
[Result "0-1"]
[WhiteElo "1798"]
[BlackElo "1795"]
[PlyCount "96"]
[GameId "2160767909821183"]
[EventDate "2011.01.12"]
[EventType "tourn"]
[EventRounds "5"]
[EventCountry "CAN"]
[SourceTitle "EXT 2013"]
[Source "ChessBase"]
[SourceDate "2012.11.22"]
[SourceVersion "1"]
[SourceVersionDate "2012.11.22"]
[SourceQuality "1"]

1. d4 Nf6 2. Bg5 Ne4 3. Bf4 e6 4. Nd2 d5 5. Nxe4 dxe4 6. f3 c5 7. e3 Nc6 8. c3 Qd5 9. fxe4 Qxe4 10. Qd3 Qg6 11. Qxg6 hxg6 12. Nf3 f6 13. Bd3 g5 14. Bg3 Rh6 15. O-O-O Bd7 16. Nd2 O-O-O 17. Ne4 cxd4 18. exd4 Be8 19. Bc4 Bf7 20. Rhf1 Bg8 21. Rfe1 Na5 22. Bd3 Bh7 23. b4 Nc6 24. Bc4 Bg8 25. Nc5 Bxc5 26. bxc5 f5 27. Bd6 Re8 28. Bb5 Kd7 29. c4 a6 30. Ba4 b5 31. cxb5 axb5 32. Bxb5 Rc8 33. d5 exd5 34. Re7+ Kd8 35. Rxg7 Bh7 36. Ba6 Ra8 37. Bb7 Ra7 38. Bc7+ Ke8 39. Bxc6+ Rxc6 40. Re1+ Kf8 41. Ree7 Rxc5+ 42. Kb2 Rb7+ 43. Ka3 Bg6 44. Rxg6 Rc3+ 45. Ka4 Kxe7 46. Be5 Rc4+ 47. Ka3 Rb1 48. Rxg5 Rc8 0-1